Process synthesis for fuel ethanol production / (Record no. 416)

000 -LEADER
fixed length control field 00729nam a2200241 a 4500
001 - CONTROL NUMBER
control field 416
003 - CONTROL NUMBER IDENTIFIER
control field BD-DhUET
008 - FIXED-LENGTH DATA ELEMENTS--GENERAL INFORMATION
fixed length control field 090911s2010 fluab b 001 0 eng
020 ## - INTERNATIONAL STANDARD BOOK NUMBER
International Standard Book Number 9781439815977
040 ## - CATALOGING SOURCE
Original cataloging agency DLC
Transcribing agency DLC
Modifying agency BD-DhUET
082 00 - DEWEY DECIMAL CLASSIFICATION NUMBER
Classification number 662.6692
Item number CAR/2010
100 1# - MAIN ENTRY--PERSONAL NAME
Personal name Cardona, C. A.
245 10 - TITLE STATEMENT
Title Process synthesis for fuel ethanol production /
Statement of responsibility, etc. by C.A. Cardona, Ó.J. Sánchez, L.F. Gutiérrez.
250 ## - EDITION STATEMENT
Edition statement Ist ed.
260 ## - PUBLICATION, DISTRIBUTION, ETC. (IMPRINT)
Place of publication, distribution, etc. Boca Raton, FL :
Name of publisher, distributor, etc. CRC Press,
Date of publication, distribution, etc. 2010.
300 ## - PHYSICAL DESCRIPTION
Extent xxi, 393 p. :
Other physical details ill., map ;
Dimensions 24 cm.
490 1# - SERIES STATEMENT
Series statement Biotechnology and bioprocessing series ;
504 ## - BIBLIOGRAPHY, ETC. NOTE
Bibliography, etc Includes bibliographies.
650 #0 - SUBJECT ADDED ENTRY--TOPICAL TERM
Topical term or geographic name as entry element Ethanol as fuel.
700 1# - ADDED ENTRY--PERSONAL NAME
Personal name Sanchez, O. J.
700 1# - ADDED ENTRY--PERSONAL NAME
Personal name Gutierrez, L. F.
942 ## - ADDED ENTRY ELEMENTS (KOHA)
Koha item type General Book
Holdings
Lost status Damaged status Koha date last borrowed Sublocation or collection (holding branch) Shelving location Koha date last seen Koha issues (times borrowed) Not for loan Source of classification or shelving scheme Piece designation (barcode) Koha item type Price effective from Koha normalized classification for sorting Location (home branch) Copy number Koha renewals Koha full call number Withdrawn status Date acquired
  2015-06-09Central Library, BUETCirculation section2015-08-043  108509General Book2014-07-21662_000000000000000_6692CAR201Central Library, BUET12662.6692/CAR/2010 2014-07-21
  2025-07-21Central Library, BUETCirculation section2025-07-291  108510General Book2014-07-21662_000000000000000_6692CAR201Central Library, BUET2 662.6692/CAR/2010 2014-07-21